MARC details
| 000 -LEADER |
| fixed length control field |
01095cam a2200313Ia 4500 |
| 001 - CONTROL NUMBER |
| control field |
carrieking00king |
| 003 - CONTROL NUMBER IDENTIFIER |
| control field |
CaSfIA |
| 005 - DATE AND TIME OF LATEST TRANSACTION |
| control field |
20230525154910.0 |
| 007 - PHYSICAL DESCRIPTION FIXED FIELD--GENERAL INFORMATION |
| fixed length control field |
cr|||| |
| 008 - FIXED-LENGTH DATA ELEMENTS--GENERAL INFORMATION |
| fixed length control field |
790621r19751974nyua 000 1 eng d |
| 010 ## - LIBRARY OF CONGRESS CONTROL NUMBER |
| Canceled/invalid LC control number |
73009037 |
| 040 ## - CATALOGING SOURCE |
| Original cataloging agency |
CUR |
| Transcribing agency |
CUR |
| Modifying agency |
PNX |
| -- |
OCL |
| -- |
RBP |
| -- |
IXA |
| -- |
OCLCQ |
| -- |
BAKER |
| -- |
OCLCG |
| -- |
CaSfIA |
| 019 ## - |
| -- |
18134095 |
| 020 ## - INTERNATIONAL STANDARD BOOK NUMBER |
| International Standard Book Number |
0451157443 (pbk.) : |
| Terms of availability |
$5.95 |
| 020 ## - INTERNATIONAL STANDARD BOOK NUMBER |
| International Standard Book Number |
9780451157447 (pbk.) |
| 020 ## - INTERNATIONAL STANDARD BOOK NUMBER |
| International Standard Book Number |
0451150716 |
| 020 ## - INTERNATIONAL STANDARD BOOK NUMBER |
| International Standard Book Number |
9780451150714 |
| 035 ## - SYSTEM CONTROL NUMBER |
| System control number |
(OCoLC)5091458 |
| Canceled/invalid control number |
(OCoLC)18134095 |
| 050 #4 - LIBRARY OF CONGRESS CALL NUMBER |
| Classification number |
PZ4.K5227 |
| Item number |
Car 1975 |
| 092 ## - LOCALLY ASSIGNED DEWEY CALL NUMBER (OCLC) |
| Classification number |
Fic |
| 100 1# - MAIN ENTRY--PERSONAL NAME |
| Personal name |
King, Stephen, |
| Dates associated with a name |
1947- |
| 245 10 - TITLE STATEMENT |
| Title |
Carrie / |
| Medium |
[electronic resource] |
| Statement of responsibility, etc. |
by Stephen King. |
| 260 ## - PUBLICATION, DISTRIBUTION, ETC. |
| Place of publication, distribution, etc. |
New York : |
| Name of publisher, distributor, etc. |
New American Library, |
| Date of publication, distribution, etc. |
1975, c1974. |
| 300 ## - PHYSICAL DESCRIPTION |
| Extent |
245 p. : |
| Other physical details |
ill. ; |
| Dimensions |
18 cm. |
| 500 ## - GENERAL NOTE |
| General note |
"A Signet book." |
| 500 ## - GENERAL NOTE |
| General note |
Reprint. Originally published: Doubleday, 1974. |
| 856 41 - ELECTRONIC LOCATION AND ACCESS |
| Uniform Resource Identifier |
<a href="http://www.archive.org/details/carrieking00king">http://www.archive.org/details/carrieking00king</a> |
| Public note |
Free eBook from the Internet Archive |
| 856 42 - ELECTRONIC LOCATION AND ACCESS |
| Uniform Resource Identifier |
<a href="http://www.openlibrary.org/books/OL24202784M">http://www.openlibrary.org/books/OL24202784M</a> |
| Public note |
Additional information and access via Open Library |